| 000 | 00480nam a22001697a 4500 | ||
|---|---|---|---|
| 003 | OSt | ||
| 005 | 20221006165617.0 | ||
| 008 | 221006b |||||||| |||| 00| 0 eng d | ||
| 020 | _a9968-834-81-5 | ||
| 040 | _cBiblioteca Lado V | ||
| 082 |
_a779.942 _bT557t |
||
| 130 |
_aTicos en Chepe _lesp |
||
| 245 | _aTicos en Chepe/ | ||
| 260 |
_aSan Jose, Costa Rica _bEdiciones Perro Azul _c2006 |
||
| 300 |
_a108p. _c14x18cm |
||
| 942 |
_2ddc _c1 _h779.942 _iT557t _n0 |
||
| 999 |
_c2202 _d2202 |
||